| Поле | Инд. | ПП | Название | Значение |
|---|---|---|---|---|
| Тип записи | m | |||
| Библиографический уровень | m | |||
| 001 | Контрольный номер | f72d641d325b4c719f23615365cfbe6b | ||
| 005 | Дата корректировки | 20240423100612.0 | ||
| 008 | Кодируемые данные | 240423|||||||||ru |||||||||||||||||rus|| | ||
| 040 | a | Служба первич. каталог. | DE | |
| b | Код языка каталог. | rus | ||
| e | Правила каталог. | PSBO | ||
| 084 | a | Индекс другой классификации/Индекс ББК | 67.407я7+20.1я7 | |
| 203 | a | Вид содержания | Текст | |
| c | Тип средства | электронный | ||
| 245 | 10 | a | Заглавие | Экологическое право |
| c | Ответственность | Министерство науки и высшего образования Российской Федерации, Федеральное государственное автономное образовательное учреждение высшего образования "Мурманский арктический университет", Кафедра экологии и техносферной безопасности ; составитель А. Ю. Широнина | ||
| h | Физич. носитель | Электронный ресурс | ||
| b | Продолж. заглавия | методические указания к практическим занятиям и контрольной работе для студентов направления 20.03.01 "Техносферная безопасность" | ||
| 260 | a | Место издания | Мурманск | |
| b | Издательство | МАУ | ||
| c | Дата издания | 2024 | ||
| 500 | a | Примечание | Электрон. текстовые дан. (1 файл : 296 Кб) | |
| 500 | a | Примечание | URL: https://elib.mauniver.ru/2024/M_24_24.pdf | |
| 500 | a | Примечание | Доступ из локальной сети Мурманского арктического университета. - Загл. с титул. экрана | |
| 520 | 0_ | a | Аннотация | Дисциплина "Экологическое право" является дисциплиной, курс которой излагает особенности экологических правоотношений в Российской федерации, определяет источники экологического права процесса познания, разъясняет правовой механизм охраны окружающей среды и обеспечения экологической безопасности, а также затрагивает принципы международного сотрудничества в области окружающей среды. Данные методические указания по дисциплине "Экологическое право" предназначены для проведения со студентами направления 20.03.01 "Техносферная безопасность" практических занятий и контрольной работы, позволяющих закрепить знания, полученные в ходе изучения лекционного материала и самостоятельной работы. В результате изучения дисциплины бакалавр по направлению 20.03.01 "Техносферная безопасность" должен: Знать: действующую систему нормативно-правовых актов в области техносферной безопасности Уметь: ориентироваться в основных нормативно-правовых актах в области обеспечения безопасности и применять нормы федеральных законов и иных нормативно-правовых актов в практической деятельности. Владеть: навыком анализа действующих нормативно-правовых актов при осуществлении работ в области техносферной безопасности |
| 583 | x | Служебное примечание | Полнотекстовые документы | |
| x | Служебное примечание | Труды преподавателей МАУ | ||
| x | Служебное примечание | Техносферная безопасность. ВПО | ||
| z | Открытое примечание | 20.03.01 | ||
| 653 | 0_ | a | Ключевые слова | Методические указания |
| a | Ключевые слова | Охрана окружающей среды | ||
| a | Ключевые слова | Техносферная безопасность | ||
| a | Ключевые слова | Труды преподавателей МАУ | ||
| a | Ключевые слова | Экологическая безопасность | ||
| a | Ключевые слова | Экологическое право | ||
| a | Ключевые слова | Электронные версии | ||
| 700 | 12 | a | Другие авторы | Широнина А. Ю. |
| e | Роль лиц | Составитель | ||
| 856 | 40 | u | URL | https://elib.mauniver.ru/2024/M_24_24.pdf |
| 901 | t | Тип документа | m |